000 00785cab a2200253 4500
001 WB3125-22
008 090401t1995 xxu||||| |||| 00| 0 eng d
035 _a(Sirsi) u15216
041 _aeng
245 _aSalomon lending permit
260 _c1995
350 _a0
490 _aIndependent
_v29 June 1995, 21(1)
520 _aThe Mortgage Corporation, lending arm of Salomon Brothers, might have its consumer credit licence revoked by the OFT following allegations of harassing borrowers in arrears by only a few hundred pounds.
650 _aCONSUMER CREDIT LICENCE
650 _aHARASSMENT
650 _aMORTGAGE CORPORATION
650 _aMORTGAGES
650 _aOFT
650 _aSALOMON BROTHERS
690 _aHOUSING-FINANCE
942 _n0
948 _c04/03/1997
999 _c9952
_d9952